Fourier series / (Record no. 41322)

MARC details
000 -LEADER
fixed length control field 00681nam a22002057a 4500
005 - DATE AND TIME OF LATEST TRANSACTION
control field 20100812125529.0
010 ## - LCCN (DPL NO)
LC control number ENG-99739
020 ## - INTERNATIONAL STANDARD BOOK NUMBER
Terms of availability 70.00
International Standard Book Number 9789350011805
035 ## - SYSTEM CONTROL NUMBER
System control number EN-83271
037 ## - SOURCE OF ACQUISITION
Source of stock number/acquisition DBAD/PUB
082 ## - DEWEY DECIMAL CLASSIFICATION NUMBER
Classification number 515.2433
100 ## - MAIN ENTRY--PERSONAL NAME
Personal name Sri Devi, S.
245 ## - TITLE STATEMENT
Title Fourier series /
Statement of responsibility, etc by S.Sri Devi
260 ## - PUBLICATION, DISTRIBUTION, ETC. (IMPRINT)
Place of publication, distribution, etc Perambulur
Name of publisher, distributor, etc Mercury Printers & Publishers
Date of publication, distribution, etc 2009
270 ## - ADDRESS
City Perambulur
Postal code 621212
300 ## - PHYSICAL DESCRIPTION
Extent 88p.
Dimensions 21cm (pbk)
650 ## - SUBJECT ADDED ENTRY--TOPICAL TERM
Topical term or geographic name as entry element fourier series
942 ## - ADDED ENTRY ELEMENTS (KOHA)
Source of classification or shelving scheme Dewey Decimal Classification
Item type English Books
Classification part 515.2433
Call number suffix SRI
Holdings
Withdrawn status Lost status Not for loan Collection code Home library Current library Date acquired Source of acquisition Cost, normal purchase price Full call number Barcode Copy number Cost, replacement price Koha item type
    Not For Loan Non-fiction D.B.Act.Division D.B.Act.Division 12/08/2010 DBAD/PUB 70.00 515.2433 SRI EN-83271 1 70.00 English Books

© Delhi Public Library
Hit Counter
free hit counter